003970000a2200145000450000500170000024500340001726000560005130000090010749000540011604000080017036500080017865000120018665000200019865000330021820120302054727.0 a Ietihaasik Sankirna Saahitya aPune:Sardar Gangaadharrao Narayanrao Mujumdar,1947. a72p. aBharat-Itihaas Sanshodhak Mandal Granthmaalaa-68. aMAR b2/- aItihaas aMaratha-Itihaas aIetihaasik Sankirna Saahitya